| 000 | 00727nam a2200193 a 4500 | ||
|---|---|---|---|
| 008 | 070807s1994 ||||||||||||||||| || u | ||
| 020 | _a0821325892 | ||
| 050 | _aIBRD(06)DS/1994/1 | ||
| 100 | _aGalal, Ahmed | ||
| 245 | 1 | 0 |
_aDoes privatization deliver?: highlights from a World Bank Conference _cEdited by Ahmed Galal and Mary Shirley |
| 260 |
_aWashington, D.C. _bWorld Bank _c1994 |
||
| 300 | _axi, 127p. | ||
| 350 | _a0.00 | ||
| 490 | _aEDI Development Studies | ||
| 650 | _aPRIVATIZATION--CONGRESSES | ||
| 700 | _aShirley, Mary | ||
| 710 | _aWorld Bank | ||
| 995 |
_D0.00 _FCBU-MAIN LIBRARY (Kitwe) _H1 _I0.00 _M1 _UAVAILABLE _WAug 7, 2007 _ZInternational Publications |
||
| 999 |
_c40414 _d40414 |
||